[Event "11th Capo dOrso ACP Open 2019"]
[Site "Porto Mannu"]
[Date "2019.06.01"]
[Round "5.1"]
[White "Jakubowski, Krzysztof"]
[Black "Movsziszian, Karen"]
[Result "1-0"]
[WhiteElo "2510"]
[BlackElo "2486"]
[Annotator "TA"]
[PlyCount "73"]
[EventDate "2019.06.02"]
[EventType "swiss"]
[EventCountry "ITA"]
[SourceTitle "playchess.com"]
[Source "ChessBase"]
[SourceQuality "1"]

{[%evp 17,73,41,47,39,52,54,42,39,74,67,46,18,130,150,138,141,138,125,135,86,125,97,81,73,189,180,225,205,196,189,195,187,187,164,179,156,214,0,306,304,314,312,300,298,841,828,796,403,366,7,1896,1481,29987,29988,29988,29989,29989,29990]} 1. e4 Nf6 2. e5 Nd5 3. d4 d6 4. c4 Nb6 5. exd6 cxd6 6. Nc3 g6 7. Be3 Bg7 8. Rc1 O-O 9. b3 Bf5 10. g4 {B03: Alekhine's Defence: Four Pawns Attack} (10. Be2 d5 11. c5 Nc8 12. Bf3 e6 13. g4 Be4 14. Nxe4 dxe4 15. Bxe4 Nc6 16. Ne2 N8e7 17. O-O Qd7 {1-0 (34) Corrales Jimenez,F (2559)-Zhao,J (2610) chess.com INT 2019}) 10... Bd7 11. Bg2 Nc6 12. d5 {White is slightly better.} Ne5 13. h3 f5 {[%cal Rf5g4]} 14. f4 Nf7 (14... Nexc4 $11 15. bxc4 Nxc4) 15. g5 $1 $16 Re8 16. Nge2 e5 {[#]} 17. dxe6 $1 Rxe6 18. Bf2 $146 Bc6 19. Nd5 Re8 20. O-O Nd7 (20... Nxd5 $16 21. cxd5 Bb5) 21. Nec3 $18 h6 22. h4 hxg5 23. hxg5 Nxg5 24. fxg5 Qxg5 25. Bd4 Ne5 26. Rc2 Qh4 (26... a6 $16 27. Qd2 Qh5) 27. Nf4 $2 (27. Bf2 $18 Qh6 28. Nb5) 27... Nf3+ $2 {[%mdl 8192]} (27... Ng4 $1 $11 28. Bxc6 bxc6 29. Nxg6 Qg5) 28. Bxf3 Bxf3 29. Qxf3 {And now Qd5+ would win.} Bxd4+ 30. Kg2 {aiming for Qd5+.} Qg5+ $2 {[#]} (30... Be5 31. Ncd5 Kf7) 31. Kh1 $1 {Qd5+ is the strong threat.} Bxc3 32. Qd5+ Kg7 {( -> ...Rh8+)} 33. Rg2 $2 ({Less strong is} 33. Rxc3 Rh8+ 34. Nh3 Rae8 $18) ({White should try} 33. Qxb7+ $18 Qe7 34. Qxe7+ Rxe7 35. Rxc3) 33... Rh8+ $2 {[%mdl 8192]} (33... Qh4+ $11 34. Rh2 (34. Kg1 g5 $11) 34... Qe7 35. Nxg6 Qe4+ 36. Qxe4 Rxe4) 34. Kg1 $1 {Threatening mate with Ne6+.} Qe7 35. Rxg6+ {[%mdl 64] Double Attack. White mates.} Kf8 36. Qxf5+ Ke8 {[#]} 37. Re6 $1 {[%mdl 512] Accuracy: White = 57%, Black = 31%.} 1-0

[Event "11th Capo dOrso ACP Open 2019"]
[Site "Porto Mannu"]
[Date "2019.06.01"]
[Round "5.2"]
[White "Christiansen, Johan-Sebastian"]
[Black "Moroni, Luca Jr"]
[Result "0-1"]
[WhiteElo "2561"]
[BlackElo "2561"]
[Annotator "TA"]
[PlyCount "92"]
[EventDate "2019.06.02"]
[EventType "swiss"]
[EventCountry "ITA"]
[SourceTitle "playchess.com"]
[Source "ChessBase"]
[SourceQuality "1"]

{[%evp 17,92,27,29,27,34,41,49,29,53,48,77,71,89,84,85,48,51,39,48,25,29,19,36,40,47,26,33,32,33,39,36,22,33,32,31,32,37,30,33,41,43,29,16,24,29,0,0,0,0,0,0,0,0,-766,-764,-764,-754,-832,-832,-822,-807,-772,-749,-1061,-1051,-1012,-979,-1055,-1025,-1228,-1256,-1241,-810,-1181,-1061,-29976,-29974]} 1. e4 e5 2. Nf3 Nc6 3. d4 exd4 4. Nxd4 Bc5 5. Be3 Qf6 6. c3 Nge7 7. Bc4 O-O 8. O-O Bb6 9. Na3 d6 10. Qd2 {C45: Scotch Game} (10. Nxc6 bxc6 11. Qd2 Ng6 12. f4 Re8 13. Bd3 Qh4 14. Qe1 Qh5 15. Nc2 f5 16. Be2 Qh6 17. Nd4 d5 {1-0 (42) Mrazik,L (2508)-Schneider,W (2495) ICCF email 2004}) 10... h6 11. Rae1 $146 ({Predecessor:} 11. f4 Nxd4 12. Bxd4 Bxd4+ 13. cxd4 d5 14. Bxd5 Nxd5 15. exd5 Rd8 16. Nb5 Rxd5 17. Qe3 Rd7 18. Qe8+ Kh7 19. Qe4+ Kg8 20. Qe8+ Kh7 21. Qe4+ Kg8 22. Qe8+ Kh7 23. Qe4+ Kg8 {½-½ (23) Nowak,I (2280)-Mujunen,M (2163) ICCF email 2012}) 11... Bd7 12. Bb3 {White is slightly better.} Rad8 13. Ndb5 Rc8 14. Bxb6 axb6 15. f4 {And now e5! would win.} Be6 16. Nc4 Na5 17. Nxa5 bxa5 18. Nd4 Bxb3 19. axb3 Nc6 20. Nf5 Rfe8 21. Qd3 Qe6 22. Qb5 Qd7 23. Re3 {Black must now prevent Rg3.} Kh7 24. Nd4 Rb8 25. h3 Red8 26. Nf3 Ra8 27. Rd1 Kg8 28. Nh4 Ne7 29. Qxd7 (29. Qe2 {is interesting.} Qe6 30. e5 Nf5 31. Nxf5 Qxf5 32. exd6 Rxd6 33. Rxd6 cxd6 34. Re4) 29... Rxd7 30. e5 d5 31. f5 g5 32. fxg6 fxg6 33. Rf1 d4 34. Rd3 Rad8 35. Rfd1 $2 {[%mdl 8192] [#]} (35. cxd4 $11 Rxd4 36. Nxg6 $1 {[%mdl 512]} (36. Rxd4 Rxd4 37. g4 h5 $17) 36... Rxd3 37. Nxe7+ Kg7 38. Rf6) 35... dxc3 $3 $19 {[%mdl 512]} 36. Rxd7 (36. bxc3 Rxd3) 36... Rxd7 37. Rxd7 {[#]} c2 $1 38. Rxe7 c1=Q+ {[%mdl 4160] Endgame Double Attack. KQ-KRN} 39. Kh2 Qg5 40. Re8+ Kf7 41. Rc8 Qxh4 42. Rxc7+ Ke6 43. Rxb7 Qf4+ 44. Kh1 Qxe5 45. Rb6+ Kf5 46. b4 axb4 {Accuracy: White = 63%, Black = 64%.} 0-1

[Event "11th Capo dOrso ACP Open 2019"]
[Site "Porto Mannu"]
[Date "2019.06.01"]
[Round "5.3"]
[White "Brunello, Sabino"]
[Black "Ruiz Castillo, Joshua Daniel"]
[Result "0-1"]
[WhiteElo "2556"]
[BlackElo "2472"]
[Annotator "TA"]
[PlyCount "82"]
[EventDate "2019.06.02"]
[EventType "swiss"]
[EventCountry "ITA"]
[SourceTitle "playchess.com"]
[Source "ChessBase"]
[SourceQuality "1"]

{[%evp 24,82,26,0,0,0,0,0,4,0,0,0,0,0,0,-21,-28,-49,0,0,0,0,0,0,0,0,92,92,242,0,0,0,0,0,0,0,0,0,0,0,0,0,0,0,0,0,0,-17,-17,-203,-140,-304,-284,-529,-529,-394,-285,-29973,-29975,-29973,-29972]} 1. d4 Nf6 2. c4 e6 3. Nf3 b6 4. g3 Ba6 5. b3 Bb4+ 6. Bd2 Be7 7. Bg2 O-O 8. O-O c6 9. Bc3 d5 10. Nbd2 Nbd7 11. Re1 c5 12. e4 dxc4 13. Nxc4 cxd4 {E15: Queen's Indian: 4 g3 sidelines, 4 g3 Ba6 and 4 g3 Bb7 early deviations} (13... Bb7 14. e5 Nd5 15. Bb2 b5 16. Nd6 Bxd6 17. exd6 c4 18. bxc4 bxc4 19. Ne5 N7b6 20. Ba3 f6 21. Ng4 {½-½ (61) Nikolic,P (2646)-Ivanchuk,V (2762) Villarrobledo 2007}) 14. Nxd4 Rc8 $1 15. e5 Nd5 {The position is equal.} 16. Bxd5 exd5 17. Nf5 {Qg4! is the strong threat.} dxc4 18. Qg4 $40 {[%csl Gf5][%cal Rg4g7][%mdl 128] White has some attack.} g6 {aiming for ...h5.} 19. Rad1 $146 ({Predecessor:} 19. Nh6+ Kg7 20. Rad1 Kxh6 21. Rxd7 cxb3 22. Rxd8 Rfxd8 {1-0 (99) Boccia,M (2465)-Gavrilakis,N (2497) ICCF email 2010}) 19... h5 $1 {[%cal Rh5g4]} 20. Qh3 cxb3 {[#]} 21. Rxd7 $1 {[%mdl 512]} Rxc3 (21... Qxd7 22. Nh6+) 22. Nxe7+ {[#]} Qxe7 $1 {[%mdl 512]} 23. Rxe7 b2 24. Rd7 $1 {[%cal Rd7d1] Black must now prevent Rdd1.} Be2 {[#]} (24... Rc1 $11 {remains equal.} 25. Rdd1 Rfc8) 25. Qh4 $1 $16 {[%cal Rh4f4]} Bg4 (25... Rc1 $16 26. Qb4 Rfc8) 26. Rd2 $2 (26. Rxf7 $18 Rxf7 27. Qd8+ Kh7 28. Qd2 {[%mdl 64] Double Attack}) 26... Rc1 $11 27. Rxb2 Rxe1+ 28. Kg2 Rxe5 {Hoping for ...g5.} 29. Qf6 Rf5 30. Qe7 Bf3+ 31. Kh3 $1 Ra5 32. Rb3 Bg4+ 33. Kg2 Rxa2 34. h3 Be6 35. Rb5 Rc8 {And now ...Rcc2! would win.} 36. Rg5 $2 {[#]} (36. Re5 $11 Rcc2 37. Qf6) 36... Re2 $1 $19 37. Qxa7 $2 (37. Qf6 $17 {only move.}) 37... Rcc2 38. Qxb6 $2 (38. g4 Rxf2+ 39. Kg3 Rg2+ 40. Kf4) 38... Rxf2+ 39. Qxf2 Bxh3+ $1 40. Kg1 $2 (40. Kxh3 $19 Rxf2 41. g4 hxg4+ 42. Kh4) 40... Rxf2 41. Kxf2 Bf5 {Accuracy: White = 33%, Black = 84%.} 0-1

[Event "11th Capo dOrso ACP Open 2019"]
[Site "Porto Mannu"]
[Date "2019.06.01"]
[Round "5.4"]
[White "Abdumalik, Zhansaya"]
[Black "Marin, Mihail"]
[Result "1/2-1/2"]
[WhiteElo "2464"]
[BlackElo "2531"]
[Annotator "TA"]
[PlyCount "62"]
[EventDate "2019.06.02"]
[EventType "swiss"]
[EventCountry "ITA"]
[SourceTitle "playchess.com"]
[Source "ChessBase"]
[SourceQuality "1"]

{[%evp 29,62,7,42,29,49,45,45,45,47,28,33,22,36,0,0,0,0,-10,0,0,0,0,16,0,0,0,0,0,0,0,0,0,0,0,0]} 1. e4 e5 2. Nf3 Nc6 3. Bb5 a6 4. Ba4 Nf6 5. O-O Be7 6. Re1 b5 7. Bb3 d6 8. c3 O-O 9. h3 Na5 10. Bc2 c5 11. d4 Qc7 12. d5 Bd7 13. Nbd2 g6 14. Nf1 Nh5 15. b3 Nb7 {[%cal Ba5b7,Bb7d8,Bd8f7][%mdl 32]} 16. Bh6 {C97: Closed Ruy Lopez: Chigorin Defence: 11 d4 Qc7, sidelines} Ng7 {[#]} 17. N3d2 $146 ({Predecessor:} 17. g4 f6 18. Ng3 Nd8 19. Kh2 Nf7 20. Be3 c4 21. Qd2 Ng5 22. Nxg5 fxg5 23. bxc4 Qxc4 {1-0 (40) Alekseev,E (2700)-Akopian,V (2694) Astrakhan 2010}) 17... Nd8 18. a4 {White is slightly better.} Rb8 19. axb5 axb5 20. Ra6 f6 21. Qa1 Nf7 {The position is equal.} 22. Bxg7 Kxg7 23. Qa2 Rb6 24. Ra7 Rb7 25. Ra1 Rfb8 26. Ne3 Rxa7 27. Qxa7 Rb7 28. Qa8 Rb8 29. Qa7 Rb7 30. Qa8 Rb8 31. Qa7 Rb7 {Accuracy: White = 48%, Black = 57%.} 1/2-1/2

[Event "11th Capo dOrso ACP Open 2019"]
[Site "Porto Mannu"]
[Date "2019.06.01"]
[Round "5.5"]
[White "Brunello, Marina"]
[Black "Valsecchi, Alessio"]
[Result "0-1"]
[WhiteElo "2396"]
[BlackElo "2504"]
[Annotator "TA"]
[PlyCount "74"]
[EventDate "2019.06.02"]
[EventType "swiss"]
[EventCountry "ITA"]
[SourceTitle "playchess.com"]
[Source "ChessBase"]
[SourceQuality "1"]

{[%evp 16,74,7,-9,5,9,-4,-30,18,-11,1,-22,12,-24,-20,-31,0,-128,-134,-117,-116,-196,-197,-190,-187,-175,-107,-118,-110,-113,-97,-97,-111,-109,-105,-109,-107,-198,-191,-242,-123,-115,-114,-154,-131,-366,-334,-436,-418,-679,-666,-1285,-1286,-1372,-1356,-29983,-29984,-29987,-29986,-29984,-2894]} 1. e4 e6 2. d4 d5 3. e5 c5 4. c3 Nc6 5. Nf3 Bd7 6. Be2 f6 7. O-O fxe5 8. dxe5 Qc7 9. Bf4 Nh6 {C02: French: Advance Variation} (9... O-O-O 10. Na3 a6 11. b4 c4 12. Rb1 h6 13. b5 Bxa3 14. bxc6 Qxc6 15. Nd4 Qc7 16. Bg4 Re8 17. Nf5 {1-0 (33) Shirov,A (2639)-Brynell,S (2398) Sweden 2018}) 10. c4 d4 11. Bd3 Nf7 {Black has an edge.} 12. Re1 Be7 13. h4 O-O-O 14. Na3 $146 ({Predecessor:} 14. Qd2 Rdg8 15. g3 g6 16. Na3 h6 {0-1 (30) Steiner,P-Schein,K Austria 1993}) 14... a6 15. Nc2 Rdg8 16. Ng5 (16. b4 $1 $11 {keeps the balance.}) 16... Nxg5 $17 (16... Nfxe5 17. Nf7 $1 $18 {[%mdl 512]}) 17. hxg5 Rf8 18. Qg4 (18. Qd2 $17 {was worth a try.}) 18... h6 $1 $19 19. g6 h5 $1 {[%cal Rh5g4]} 20. Qg3 Qd8 (20... h4 $1 $19 {[%cal Rh4g3]} 21. Qg4 h3 $1 {[%mdl 512]}) 21. Re4 $17 Rf5 22. Re2 Qf8 23. Bxf5 Qxf5 24. Ne1 h4 $36 {[%mdl 2048] White is under strong pressure.} 25. Qf3 Rf8 26. Nd3 {[#]} (26. Bc1 $17) 26... Be8 $1 $19 27. Bh2 (27. Rd2 $142) 27... Qxg6 ({Better is} 27... Qxf3 $19 28. gxf3 Bxg6) 28. Nf4 Qh6 {...g5 is the strong threat.} 29. Qg4 Rf5 30. Nd5 $2 {[#]} (30. Re4 $17) 30... Bh5 $1 {[%cal Rh5g4][%mdl 64] Skewer} 31. Nxe7+ Nxe7 32. Qxh4 (32. Qe4 $142 Bxe2 33. Qxe2) 32... Ng6 ({Weaker is} 32... Bxe2 33. Qxe7 Kb8 34. Qxc5 $11) 33. Qe4 Bxe2 34. Qxe2 Rh5 35. Qg4 Rxh2 {[%csl Gh6][%cal Rh2h1] Black mates.} 36. Qxe6+ Kb8 {[%csl Gh6][%cal Rh2h1]} 37. Qd6+ Ka8 {Accuracy: White = 39%, Black = 66%.} 0-1

[Event "11th Capo dOrso ACP Open 2019"]
[Site "Porto Mannu"]
[Date "2019.06.01"]
[Round "5.6"]
[White "Zimina, Olga"]
[Black "Holm, Kristian Stuvik"]
[Result "1/2-1/2"]
[WhiteElo "2370"]
[BlackElo "2474"]
[Annotator "TA"]
[PlyCount "30"]
[EventDate "2019.06.02"]
[EventType "swiss"]
[EventCountry "ITA"]
[SourceTitle "playchess.com"]
[Source "ChessBase"]
[SourceQuality "1"]

{[%evp 16,30,0,13,39,29,67,56,54,54,48,14,28,33,36,41,39]} 1. Nf3 g6 2. c4 Bg7 3. e4 e5 4. d4 exd4 5. Nxd4 Nf6 6. Nc3 O-O 7. Be2 Re8 8. f3 c6 9. Bg5 h6 {A10: English Opening: Unusual Replies for Black} (9... Qb6 10. Qd2 d5 11. cxd5 Nxe4 12. Nxe4 cxd5 13. Be3 dxe4 14. Nb5 Qf6 15. Nc7 Rd8 16. Bg5 Rxd2 17. Bxf6 {½-½ (72) Lenderman,A (2618)-So,W (2773) Saint Louis 2016}) 10. Bh4 g5 $146 ({Predecessor:} 10... d5 11. exd5 cxd5 12. O-O Nc6 13. Bf2 Nxd4 14. Bxd4 dxc4 15. Bxc4 Be6 16. Bb5 Re7 17. Bc5 Rc7 18. Qxd8+ Rxd8 19. Bxa7 Nd5 20. Rad1 Rcc8 21. Nxd5 {½-½ (21) Banusz,T (2592)-Gledura,B (2421) Zalakaros 2013}) 11. Bf2 {Black must now prevent Nf5.} d5 12. exd5 $1 cxd5 13. O-O Nc6 14. c5 a6 15. Re1 Nh5 1/2-1/2

[Event "11th Capo dOrso ACP Open 2019"]
[Site "Porto Mannu"]
[Date "2019.06.01"]
[Round "5.7"]
[White "Ushenina, Anna"]
[Black "Cardili, Mariano"]
[Result "1-0"]
[WhiteElo "2443"]
[BlackElo "2070"]
[Annotator "TA"]
[PlyCount "61"]
[EventDate "2019.06.02"]
[EventType "swiss"]
[EventCountry "ITA"]
[SourceTitle "playchess.com"]
[Source "ChessBase"]
[SourceQuality "1"]

{[%evp 10,61,23,0,60,0,37,-5,36,20,89,6,65,65,65,65,70,51,69,41,58,34,47,42,62,56,57,56,68,70,108,80,108,18,24,38,38,20,265,225,323,315,283,281,464,454,2060,1335,29994,29995,29997,29996,29998,29999]} 1. Nf3 d5 2. g3 Nf6 3. Bg2 Bf5 4. O-O c6 5. d3 e6 6. Nh4 Bg6 {A07: Réti Opening: New York and Capablanca Systems} (6... Bg4 $11) (6... Bg4 7. h3 Bh5 8. Qe1 Be7 9. f4 Nfd7 10. Nf3 Bxf3 11. Bxf3 O-O 12. e4 dxe4 13. dxe4 e5 14. Nd2 {0-1 (41) Nisipeanu,L (2672)-Wojtaszek,R (2737) Antalya 2017}) 7. Qe1 ({White should try} 7. Nxg6 $14 hxg6 8. Nd2) 7... Be7 8. Nd2 Nbd7 {The position is equal.} 9. e4 O-O $146 (9... Bh5 $11 {remains equal.}) ({Predecessor:} 9... Nh5 10. Nhf3 O-O 11. Nb3 Qc7 12. e5 f5 13. Nbd4 Bf7 14. Bg5 {0-1 (35) Thorstensen,T (2265)-Lauvsnes,A (2270) Langesund 1999}) 10. h3 ({Better is} 10. Nxg6 $16 hxg6 11. e5) 10... Ne8 (10... Bh5 $11) 11. Nxg6 $14 hxg6 12. e5 Nc7 13. Nf3 b5 14. h4 a5 15. Qe3 b4 16. Qf4 c5 17. Qg4 Nb5 18. Re1 Rc8 19. h5 gxh5 20. Qxh5 Nd4 {[#]} 21. Ng5 ({White should play} 21. Nxd4 $1 $16 {Threatens to win with Nf3.} cxd4 22. Bf3) 21... Bxg5 $1 $11 22. Bxg5 Qc7 23. Rac1 $40 {[%cal Ba1c1,Bc1c2,Bc2h2][%mdl 160] White has some attack.} Rfe8 $2 (23... Nxe5 $11 {and Black is okay.} 24. Bf4 f6) 24. c3 $18 bxc3 (24... Nc6 {might work better.} 25. f4 bxc3) 25. bxc3 Nc6 26. f4 Rb8 $2 (26... Ne7 {is a better defense.} 27. c4 Nf8 28. cxd5 exd5) 27. Rc2 Rb6 (27... f6 $142 28. exf6 Nxf6 29. Bxf6 gxf6 30. Bxd5 {[%mdl 64] Pin} Ne5) 28. Bf3 {White threatens Rh2 and mate.} Nf8 29. Rh2 {[%csl Gh2][%cal Rh5h8] White mates.} Ng6 30. Qh7+ Kf8 {[#]} 31. Qh8+ $1 {[%mdl 576] Back Rank. Accuracy: White = 46%, Black = 19%.} 1-0

[Event "11th Capo dOrso ACP Open 2019"]
[Site "Porto Mannu"]
[Date "2019.06.01"]
[Round "5.8"]
[White "Schneider, Stefan"]
[Black "Hoogland, Rob"]
[Result "1-0"]
[WhiteElo "2372"]
[BlackElo "1909"]
[Annotator "TA"]
[PlyCount "57"]
[EventDate "2019.06.02"]
[EventType "swiss"]
[EventCountry "ITA"]
[SourceTitle "playchess.com"]
[Source "ChessBase"]
[SourceQuality "1"]

{[%evp 14,57,60,39,67,60,71,70,95,102,106,119,145,137,172,154,236,230,228,180,297,286,347,351,344,324,366,348,318,310,328,320,394,400,445,420,435,433,543,531,660,687,1351,1425,1510,1510]} 1. d4 d5 2. c4 c6 3. Nc3 Nf6 4. e3 Bf5 5. Nf3 dxc4 6. Bxc4 e6 7. O-O Be7 8. Qe2 Bg6 {D15: Slav Defence: 4 Nc3 a6 and gambit lines after 4 Nc3 dxc4} 9. e4 Nbd7 10. Rd1 (10. Bf4 O-O 11. h3 Re8 12. Rfd1 b5 13. Bd3 b4 14. Na4 Qa5 15. b3 c5 16. Ne5 cxd4 {1-0 (35) Kortschnoj,V (2556)-Jensen,B (2292) Rogaska Slatina 2011}) 10... Nb6 {White is slightly better.} 11. Bb3 O-O 12. Ne5 Qc7 13. Bf4 $146 ({Predecessor:} 13. Bg5 Rfe8 14. Rac1 a6 15. Nxg6 hxg6 16. Qf3 {0-1 (54) Ocantos,J-Salvatore,L (2106) Buenos Aires 2002}) 13... Bh5 14. f3 {Threatens to win with g4.} Qd8 (14... Bd6 $16 15. g4 Bg6 16. Nxg6 Bxf4 17. Nxf8 Rxf8) 15. g4 $18 Bg6 16. Bg3 Qc8 (16... a5 $142 17. a3 c5 18. dxc5 Bxc5+ 19. Kg2 Qe7) 17. f4 h6 18. Nxg6 fxg6 19. f5 gxf5 20. gxf5 Kh8 21. fxe6 a5 {If Black can now play ...a4 this consolidates a bit.} 22. a4 Qd8 23. Kh1 Nc8 24. e5 Nh7 25. d5 {White is clearly winning.} cxd5 26. Nxd5 Qe8 27. Rac1 Ng5 28. Nc7 {[%mdl 64] [#] Double Attack} Qg6 29. Bc2 {Accuracy: White = 97%, Black = 16%.} 1-0

[Event "11th Capo dOrso ACP Open 2019"]
[Site "Porto Mannu"]
[Date "2019.06.01"]
[Round "5.9"]
[White "Della Pietra, Andrea"]
[Black "Jactel, Nicolas"]
[Result "1/2-1/2"]
[WhiteElo "2226"]
[BlackElo "1971"]
[Annotator "TA"]
[PlyCount "40"]
[EventDate "2019.06.02"]
[EventType "swiss"]
[EventCountry "ITA"]
[SourceTitle "playchess.com"]
[Source "ChessBase"]
[SourceQuality "1"]

{[%evp 14,40,0,24,47,44,49,37,32,30,28,27,35,-42,4,10,37,36,82,-33,-36,-41,-37,-31,-31,-37,-50,-35,-46]} 1. d4 Nf6 2. c4 g6 3. f3 d5 4. cxd5 Nxd5 5. e4 Nb6 6. Nc3 Bg7 7. Be3 O-O 8. Qd2 f5 {D70: Grünfeld: Unusual White 3rd moves (met by ...d5)} (8... e5 9. d5 c6 10. Rd1 cxd5 11. exd5 N8d7 12. Nh3 e4 13. fxe4 Ne5 14. Nf2 f5 15. Bc5 Rf7 16. Be2 f4 17. Bf3 {½-½ (25) Aronian,L (2805)-Vachier Lagrave,M (2789) London 2017}) 9. O-O-O Nc6 10. h4 fxe4 {White is slightly better.} 11. h5 gxh5 12. Rxh5 Bf5 13. Nh3 $146 (13. Rg5 $14) ({Predecessor:} 13. fxe4 Bg4 14. Rg5 Bxd1 15. Qxd1 Kh8 16. Nf3 e6 17. Rh5 {1-0 (29) Kovalenko,I (2596)-Krasenkow,M (2643) Trzcianka 2013}) 13... Bg6 14. Rg5 exf3 {[#] aiming for ...e5.} (14... e5 {seems wilder.} 15. d5 Nd4 16. Bxd4 exd4 17. Nxe4 c5) 15. Bd3 Nxd4 {...Ne6 is the strong threat.} 16. Bxg6 ({White should try} 16. Qf2 $16 c5 17. Bxg6 hxg6 18. Rxg6) 16... Ne2+ $1 $15 {Black is slightly better.} 17. Nxe2 Qxd2+ 18. Rxd2 {[#] Hoping for Be4.} fxe2 19. Rxe2 {Black must now prevent Be4.} hxg6 20. Rxg6 {Strongly threatening Bd4.} Rf6 {Accuracy: White = 53%, Black = 59%.} 1/2-1/2

[Event "11th Capo dOrso ACP Open 2019"]
[Site "Porto Mannu"]
[Date "2019.06.01"]
[Round "6.2"]
[White "Moroni, Luca Jr"]
[Black "Ruiz Castillo, Joshua Daniel"]
[Result "1/2-1/2"]
[WhiteElo "2561"]
[BlackElo "2472"]
[Annotator "TA"]
[PlyCount "179"]
[EventDate "2019.06.02"]
[EventType "swiss"]
[EventCountry "ITA"]
[SourceTitle "playchess.com"]
[Source "ChessBase"]
[SourceQuality "1"]

{[%evp 20,179,10,10,10,15,8,14,6,-7,0,-7,-5,-7,-7,-7,2,4,4,3,1,8,12,0,0,6,7,10,8,0,19,18,49,69,91,91,91,91,91,91,91,91,91,72,72,72,94,72,118,91,118,118,118,118,118,0,118,118,118,118,118,118,118,118,118,118,118,118,118,118,118,112,112,112,112,112,112,104,104,104,104,104,104,104,104,70,92,70,70,70,70,70,70,70,70,70,70,70,70,35,35,35,43,35,43,35,35,35,43,35,43,35,35,35,35,35,35,35,35,35,35,0,0,0,35,35,35,35,35,0,0,0,35,35,35,35,35,35,35,35,35,35,35,35,35,35,35,35,35,35,35,35,35,35,35,0,0,0,52,0,77,0]} 1. d4 Nf6 2. c4 e6 3. Nc3 Bb4 4. e3 O-O 5. Bd3 d5 6. Nf3 dxc4 7. Bxc4 c5 8. O-O Nc6 9. a3 Ba5 10. Qd3 a6 11. dxc5 Qxd3 {E56: Nimzo-Indian: Rubinstein: Main Line: 7...Nc6} 12. Bxd3 Bxc3 (12... Rd8 13. Bc2 Bxc3 14. bxc3 e5 15. a4 Be6 16. Rb1 Bc4 17. Re1 Rab8 18. e4 Bd3 19. Rb2 {½-½ (30) Landa,K (2647)-Almasi,Z (2695) Germany 2014}) 13. bxc3 Na5 {The position is equal.} 14. Rb1 Rd8 15. Ne5 Nd7 16. Nxd7 Bxd7 17. Rb4 $146 ({Predecessor:} 17. Be2 Ba4 18. Rb4 Bc2 19. Bf3 {1-0 (40) Azmaiparashvili,Z-Andrianov,N (2405) Jurmala 1983}) 17... Bc6 18. Be2 Rd5 19. c4 Rxc5 20. Bb2 {next Bd4 is good for White.} b5 {[%cal Ra5c4]} 21. cxb5 Bxb5 22. Bd4 Rc2 23. Bxb5 axb5 24. Rxb5 Nc4 25. Rg5 $36 {[%mdl 2048] White is pushing.} e5 26. Bxe5 Nxe5 27. Rxe5 $14 {[%mdl 4096] Endgame KRR-KRR} g6 28. g4 Rxa3 29. Re4 Rca2 30. Kg2 Ra4 31. Rxa4 Rxa4 $16 {KR-KR} 32. Kg3 h6 33. Rb1 Kg7 34. h4 g5 35. Rb5 Kg6 36. Rb6+ Kg7 37. Rb5 Kg6 $1 38. h5+ Kg7 39. Rb6 Ra3 40. Rd6 Rb3 41. Kf3 Rb4 42. Rd4 Rb2 43. Ra4 Rc2 44. Ra3 Rb2 45. e4 Kf6 46. Ke3 Rb1 47. Ra6+ Kg7 48. Rd6 Re1+ 49. Kf3 Kh7 50. Rd3 Kg7 51. Re3 Rg1 52. e5 Kf8 53. e6 Ke7 54. exf7+ Kxf7 55. Re4 Kf6 56. Ra4 Kg7 57. Ke3 Kh7 58. Ra7+ Kg8 59. f3 Re1+ 60. Kd4 Kh8 61. Ra5 Kg7 62. Re5 Rd1+ 63. Ke4 Rd7 64. Rc5 (64. Rb5 {seems wilder.} Ra7 65. Rb3 Re7+ 66. Kd4 Rd7+ 67. Ke3) 64... Rf7 65. Rc3 Re7+ 66. Kf5 Rf7+ 67. Ke6 Rf6+ 68. Ke5 {[#] Rc7+ is the strong threat.} Rf7 69. Kd5 Rf4 70. Rc7+ Kg8 71. Rc3 Kg7 72. Re3 Kg8 73. Kd6 Kg7 74. Re7+ Kg8 75. Re6 Kg7 76. Re3 Rf6+ 77. Kd5 Rf4 78. Rc3 Rf7 79. Ke5 Rf4 80. Rc7+ Kg8 81. Rc6 {[#] Threatens to win with Rf6.} Kg7 82. Rg6+ Kh7 83. Rf6 Ra4 84. Rf7+ Kg8 85. Rd7 Rf4 86. Rd6 {Strongly threatening Rf6.} Kg7 87. Rg6+ Kh7 88. Rf6 ({White should try} 88. Ra6 $11) 88... Ra4 $14 89. Rf7+ Kg8 90. Rf6 {Accuracy: White = 57%, Black = 77%.} (90. Rb7 $16) 1/2-1/2